Score 0/83 Timer 10:00
0 Plays Today
Hint Answer % Correct
IIsabel
97.3%
IIsabella
96.8%
AAbigail
95.9%
GGabriella
93.6%
GGabrielle
93.4%
IIsabelle
93%
BBrianna
90.9%
AAbby
89.8%
BBria
88.9%
BBella
86.4%
EElizabeth
84.7%
BBriana
83.4%
AAubrey
80.2%
BBethany
80.2%
GGabriela
79.5%
BBrooke
79.3%
RRebecca
79.1%
BBrooklyn
77%
BBailey
75.7%
BBrittany
75.7%
AAnnabell
74.3%
SSabrina
74.1%
AAnnabell
74.1%
AAnnabella
73.2%
BBrenda
72%
AAnnabelle
70.5%
AAnabel
70.2%
BBryn
68.4%
Hint Answer % Correct
RRuby
67.5%
BBrynn
67.3%
AAubree
67%
KKimberly
67%
AAnabella
66.8%
BBarbara
66.8%
BBonnie
66.4%
KKimber
65.5%
AAnabelle
65.2%
BBreanna
65.2%
BBrooklynn
65%
EElisabeth
64.4%
IIzabella
64.1%
BBrielle
63.9%
AAmber
63.2%
MMabel
61.6%
AArabella
60.7%
IIsabela
59.8%
AAubri
59.3%
LLibby
59.1%
AAubrie
58%
RRebekah
58%
BBaylee
57.7%
BBeatrice
57%
BBridget
55.7%
BBriella
55.5%
BBianca
55.2%
TTabitha
48.9%
Hint Answer % Correct
PPhoebe
48.6%
BBlake
46.4%
AAbbigail
46.4%
BBailee
46.1%
BBrynlee
44.8%
BBlair
44.3%
BBrenna
43.2%
BBryanna
42%
BBrinley
37.3%
EEmber
35.2%
BBrylee
34.3%
AAubrianna
34.3%
SShelby
33.9%
LLiberty
33.2%
AAubrielle
31.1%
BBriley
30%
BBraelyn
29.5%
BBristol
27.7%
BBraelynn
27.5%
BBlakely
27.3%
BBryleigh
26.4%
BBraylee
24.8%
AAbrielle
21.6%
AAbril
16.6%
ZZainab
15%
BBelen
14.5%
CCambria
11.6%
Remove Ads.
Support Sporcle.
Get the best of Sporcle when you Go Orange. This ad-free experience offers more features, more stats, and more fun while also helping to support Sporcle. Thank you for becoming a member.

You're not logged in!

Compare scores with friends on all Sporcle quizzes.
OR
Log In

Sporcle TV

Today on Sporcle TV


Watch our educational content, quiz creation guides, and fun videos on Sporcle TV.

Show Comments

Extras

Top Quizzes Today


Score Distribution

Paid Content

Your Account Isn't Verified!

In order to create a playlist on Sporcle, you need to verify the email address you used during registration. Go to your Sporcle Settings to finish the process.

Report this User

Report this user for behavior that violates our Community Guidelines.

Details: